| 000 | 02070nam a2200241Ia 4500 | ||
|---|---|---|---|
| 003 | Ost | ||
| 005 | 20260507075101.0 | ||
| 008 | 260507s9999||||xx |||||||||||||| ||und|| | ||
| 020 | _a9770311006 | ||
| 040 | _cfsecg | ||
| 041 | _aara | ||
| 082 | _a301 | ||
| 100 |
_aعبد القادر، محمد علاء الدين _eمؤلف |
||
| 245 | 0 |
_aعلم الإجتماع الريفي المعاصر والإتجاهات الحديثة في دراسات التنمية الريفية / _c محمد علاء الدين عبد القادر |
|
| 260 |
_aالإسكندرية: _bمنشأة المعارف, _c2003 |
||
| 300 |
_a349 صفحة؛ _c24 سم |
||
| 504 | _aبيبليوغرافيا :ص.325 | ||
| 520 | _aالتنمية والتحديث،المناهج المختلفة لتنمية المجتمعات الريفية،مناهج تنمية المجتمعات الريفية المحلية،المناهج التنموية البديلة،التكامل بين وجهات النظر المختلفة حول المناهج التنموية،أصول البحث العلمي ومناهجه،الإتجاهات الحديثة في مناهج وطرق بحوث الدراسات الاجتماعية،الاستشعار عن بعد ونظم المعلومات الجغرافية،أمثلة تطبيقية في دراسات علم الاجتماع الريفي المعاصر للإتجاهات الحديثة في دراسات التنمية الريفية ومناهج البحوث المستخدمة،عرض نموذج بحثي مقترح لمشروع قومي نحو بناء قاعدة معلومات لبرامج التنمية الريفية والزراعية المستدامة بمنطقة الساحل الشمالي الغربي وواحة سيوة بإستخدام الإستشعار عن بعد ونظم المعلومات الجغرافية | ||
| 653 | _aالتنمية الريفية | ||
| 653 | _aدراسات حديثة | ||
| 653 | _aعلم الاجتماع | ||
| 942 | _cكتاب | ||
| 999 |
_c42790 _d42790 |
||